Catálogo

Vista normal Vista MARC

Entrada Personal Name

Número de registros utilizados en: 1

001 - CONTROL NUMBER

  • control field: 9527

003 - CONTROL NUMBER IDENTIFIER

  • control field: DLC

005 - DATE AND TIME OF LATEST TRANSACTION

  • control field: 20250610093806.0

008 - FIXED-LENGTH DATA ELEMENTS

  • fixed length control field: 850118n| azannaabn |a aaa

010 ## - LIBRARY OF CONGRESS CONTROL NUMBER

  • LC control number: n 84163612

035 ## - SYSTEM CONTROL NUMBER

  • System control number: (OCoLC)oca01255140

040 ## - CATALOGING SOURCE

  • Original cataloging agency: DLC
  • Language of cataloging: spa
  • Description conventions: rda
  • Transcribing agency: Mx-PuUPA
  • Modifying agency: DLC
  • Modifying agency: OCoLC
  • Modifying agency: MX-SlUA
  • Modifying agency: IEN
  • Modifying agency: Mx-PuUPA

100 1# - HEADING--PERSONAL NAME

  • Personal name: Padua N., Jorge,

370 ## - ASSOCIATED PLACE

  • Place of birth: Argentina

370 ## - ASSOCIATED PLACE

  • Place of residence/headquarters: México
  • Start period: 1973

372 ## - FIELD OF ACTIVITY

  • Field of activity: Ciencias sociales

374 ## - OCCUPATION

  • Occupation: Coordinador

375 ## - GENDER

  • Gender: hombre

377 ## - ASSOCIATED LANGUAGE

  • Language code: spa

400 1# - SEE FROM TRACING--PERSONAL NAME

  • Control subfield: nna
  • Personal name: Padua, Jorge

670 ## - SOURCE DATA FOUND

  • Source citation: His Construcción y ordenamiento de conceptos, 1981:
  • Information found: t.p. (Jorge Padua N.) p. 11 (Dr. Jorge Padua)

670 ## - SOURCE DATA FOUND

  • Source citation: LC data base, 1/10/85
  • Information found: (hdg.: Padua, Jorge; usage: Jorge Padua)

670 ## - SOURCE DATA FOUND

  • Source citation: Educación, Industrialización y progreso técnico en México, 1984:
  • Information found: title plage (Jorge Padua)

670 ## - SOURCE DATA FOUND

  • Source citation: Técnicas de investigación aplicadas a las ciencias sociales, 1979:
  • Information found: portada (Jorge Padua)